Vitajte na Ibize

Bibliographic Details
Main Author: Balejíková, Anita, 1978- (Author, Photographer)
Format: Article
Language:Slovak
PhysicalDescription:Fotogr.
ISSN:0139-6323
Subjects:
Online Access:http://zivot.lesk.cas.sk/clanok/7588/ibiza-vitajte-na-najdrahsom-balearskom-ostrove.html

MARC

LEADER 00000nab a2200000 ar4500
001 vtls010116165
003 SK-MaSNL
005 20260426091240.0
008 100719c2010 xo mr|p|||||||000 b|slo
015 |a SNBRB2010/07 
038 |a SNSK 
040 |a SNSK  |b slo  |c SNSK  |e AACR2 
041 |a slo 
044 |a xo  |c SK 
080 |a 908(460.32)  |2 2001 
100 1 |a Balejíková, Anita,  |d 1978-  |4 pht  |4 aut  |9 107117 
245 1 0 |a Vitajte na Ibize  |c Anita Balejíková 
300 |b Fotogr. 
651 7 |a Ibiza (Španielsko : ostrov)  |2 snsk  |9 26181 
651 7 |a Baleáry (Španielsko : súostrovie)  |2 snsk  |9 216541 
651 7 |a Španielsko  |2 snsk  |9 20008 
655 7 |a cestopisné reportáže  |2 snsk  |9 70001 
773 0 |t Život  |g Roč. 60, č. 22 (2010), s. 40-44  |x 0139-6323 
852 |a SNSK  |b KIS3GCP 
856 |u http://zivot.lesk.cas.sk/clanok/7588/ibiza-vitajte-na-najdrahsom-balearskom-ostrove.html 
958 |a ES 
999 |c 3018713  |d 3020643